Managing innovation in construction (Record no. 101662)

MARC details
000 -LEADER
fixed length control field 01328cam a2200253 4500
008 - FIXED-LENGTH DATA ELEMENTS--GENERAL INFORMATION
fixed length control field 010921n2003 000 0 eng u
020 ## - INTERNATIONAL STANDARD BOOK NUMBER
International Standard Book Number 0727730029
035 ## - SYSTEM CONTROL NUMBER
System control number (Sirsi) u114751
041 ## - LANGUAGE CODE
Language code of text/sound track or separate title eng
050 ## - LIBRARY OF CONGRESS CALL NUMBER
Classification number 658.404
-- 18
100 ## - MAIN ENTRY--PERSONAL NAME
Personal name Jones, Martyn
245 ## - TITLE STATEMENT
Title Managing innovation in construction
260 ## - PUBLICATION, DISTRIBUTION, ETC.
Place of publication, distribution, etc. London
Name of publisher, distributor, etc. Thomas Telford
Date of publication, distribution, etc. 2003
300 ## - PHYSICAL DESCRIPTION
Extent xix, 314p.
Dimensions 24cm.
350 ## - PRICE (NR) (BK AM CF MU VM SE) [OBSOLETE]
Price 45.00
520 ## - SUMMARY, ETC.
Summary, etc. Aimed at practitioners, students and researchers in management and construction, this text sets out an integrated and holistic approach to the management of innovation in construction. Through a detailed study of the industry operating system, it examines the influence of the regulatory framework and the institutional context on innovation in construction. It shows that the industry is responding to the changes associated with post-Fordism and globalisation through the adoption of project management, partnering and supply chain management. The key elements of these innovations are explained and their implementation by construction evaluated. Includes case studies.
650 ## - SUBJECT ADDED ENTRY--TOPICAL TERM
Topical term or geographic name entry element MANAGEMENT-PROJECT MANAGEMENT
650 ## - SUBJECT ADDED ENTRY--TOPICAL TERM
Topical term or geographic name entry element FORDISM
650 ## - SUBJECT ADDED ENTRY--TOPICAL TERM
Topical term or geographic name entry element PARTNERING
650 ## - SUBJECT ADDED ENTRY--TOPICAL TERM
Topical term or geographic name entry element SUPPLY CHAIN MANAGEMENT
690 ## - LOCAL SUBJECT ADDED ENTRY--TOPICAL TERM (OCLC, RLIN)
Topical term or geographic name as entry element BUILDING AND CONSTRUCTION-MANAGEMENT
700 ## - ADDED ENTRY--PERSONAL NAME
Personal name Saad, Mohammed
942 ## - ADDED ENTRY ELEMENTS (KOHA)
Suppress in OPAC 0
Holdings
Withdrawn status Lost status Source of classification or shelving scheme Damaged status Not for loan Home library Current library Shelving location Date acquired Cost, normal purchase price Total Checkouts Full call number Barcode Date last seen Date last checked out Copy number Cost, replacement price Price effective from Koha item type
    Dewey Decimal Classification     London London Books 05/01/2004 38.25 31 658.404 JON 30068934 06/08/2019 20/03/2009 1 38.25 06/08/2019 Book